000 00650cam a22002293a 4500
001 26523
003 PGUSA
005 20140828083555.0
008 080904s2008||||xxu|||||s|||||000 1 eng d
040 _aPGUSA
_beng
042 _adc
050 4 _aPS
100 1 _aMore, Paul Elmer,
_d1864-1937
245 1 4 _aThe Jessica Letters :
_bAn Editor's Romance
_h[electronic resource] /
_cPaul Elmer More
260 _bProject Gutenberg,
_c2008
506 _aPublic domain in the USA.
516 _aElectronic text
653 _aEditors -- Fiction
830 0 _aProject Gutenberg
_v26523
856 4 0 _uhttp://www.gutenberg.org/ebooks/26523
942 _cEB
999 _c255778
_d255778